[Event "WSTCC-65 2020"]
[Site "Prague"]
[Date "2020.03.09"]
[Round "4.40"]
[White "Seibold, Hubert"]
[Black "Nickl, Klaus"]
[Result "1/2-1/2"]
[WhiteElo "2123"]
[BlackElo "1946"]
[Annotator "TA"]
[PlyCount "124"]
[EventDate "2020.03.06"]
[EventType "team-tourn"]
[EventCountry "CZE"]
[SourceTitle "playchess.com"]
[Source "ChessBase"]
[SourceQuality "1"]

{[%evp 21,124,29,136,136,133,20,62,0,111,111,111,111,111,111,111,111,111,95,96,80,103,99,110,103,143,122,121,102,232,233,233,219,216,217,219,223,237,136,165,165,165,165,165,165,165,165,165,165,165,165,165,165,165,165,165,165,165,165,165,165,165,165,288,289,319,299,300,307,444,447,495,0,435,435,393,416,481,391,475,456,481,318,481,314,358,293,470,375,429,255,506,500,485,253,238,229,253,253,253,253,252,130,130,135,135]} 1. c4 Nf6 2. g3 g6 3. Bg2 Bg7 4. Nc3 O-O 5. Nf3 Nc6 6. O-O e5 7. d4 d6 8. dxe5 Nxe5 9. Nxe5 dxe5 10. Qxd8 Rxd8 11. Bg5 Re8 (11... Rd7 $11) 12. Nb5 $16 {E62: King's Indian: Fianchetto: 6...c6 and Panno Variation (6...Nc6) without ...a6.} Re7 13. f4 (13. Rad1 $16 {aiming for Rd8+.} Be6 14. Bxb7) 13... e4 $1 $11 14. Nc3 ({Better is} 14. Rad1 $14 Bg4 15. Rfe1) 14... Bf5 (14... c6 $11 {remains equal.}) 15. Bxf6 $1 $16 Bxf6 16. Nd5 $1 {[%csl LRe7,LRf6][%mdl 64] [#] Double Attack} Kg7 $146 ({Predecessor:} 16... Re6 17. Nxc7 Rc8 18. Nxe6 fxe6 19. e3 Bxb2 20. Rab1 Ba3 21. Rb3 Bc5 22. h3 h5 {1-0 (39) Nieto Tornero,J (1948)-Garcia Sancho,J (2067) Mislata 2016}) 17. Nxe7 Bxe7 18. e3 h5 19. Rad1 a5 20. a3 a4 21. Rd2 Ra6 22. Rc1 Rb6 23. c5 Rb3 24. Kf2 b5 (24... Bf6 $16) 25. cxb6 $1 $18 cxb6 26. Bf1 {Black must now prevent Bc4.} Bc5 {[#]} 27. Rc3 $1 Rxc3 28. bxc3 {[%mdl 4096] Endgame KRB-KB} Be6 29. c4 (29. Bb5 $18) 29... Bxa3 30. Ra2 Bc5 31. Rxa4 f5 32. Ra8 Kf6 33. Rb8 Kg7 34. h3 Kf7 35. Ra8 Kg7 36. Ra2 Kf7 37. Rb2 Ke7 38. Rb3 Kf6 39. Be2 Kg7 40. Rc3 Kf6 41. Bd1 Kg7 (41... Bd7 $142 42. Rc1 Be8) 42. Ba4 Kf6 43. Bb5 Ke7 44. Rc2 Bb4 (44... g5 $142 45. fxg5 h4 46. gxh4 Bf7) 45. Ra2 Ba5 46. Rc2 Bb4 $1 47. Rc1 Bc5 48. Ra1 Kf8 49. Ra4 Ke7 50. Ke2 Kf6 51. Be8 Bd6 (51... Bf7 $142) 52. Kd2 Bc5 53. Bc6 Bf7 $2 (53... g5 54. h4 gxh4 55. gxh4 Bf7) 54. Bd5 Be8 55. Ra7 (55. Ra8 $142 Bb4+ 56. Ke2) 55... Bb4+ $2 (55... g5 56. Rh7 Bg6) 56. Ke2 Bc5 57. g4 (57. h4 $142) 57... hxg4 58. hxg4 {[%csl Gf4][%cal Rg4g5]} g5 59. Ra8 Bg6 60. fxg5+ Kxg5 {[#]} 61. gxf5 (61. Rg8 $1 $18 {And now Bf7 would win.} Kh6 62. gxf5 Bxf5 63. Re8) 61... Bh5+ $16 62. Kf2 Kxf5 {Accuracy: White = 67%, Black = 54%.} 1/2-1/2

[Event "WSTCC-65 2020"]
[Site "Prague"]
[Date "2020.03.09"]
[Round "4.41"]
[White "Ogaard, Leif"]
[Black "Jimenez Molina, Juan Leon"]
[Result "1-0"]
[WhiteElo "2362"]
[BlackElo "2174"]
[Annotator "TA"]
[PlyCount "57"]
[EventDate "2020.03.06"]
[EventType "team-tourn"]
[EventCountry "CZE"]
[SourceTitle "playchess.com"]
[Source "ChessBase"]
[SourceQuality "1"]

{[%evp 17,57,67,87,89,91,91,101,97,103,81,104,100,124,87,101,101,125,93,229,218,238,231,234,222,356,332,424,412,733,749,818,811,1095,1089,1070,1030,1034,1005,1768,1767,1636,1584]} 1. d4 g6 2. c4 c5 3. d5 d6 4. e4 Bg7 5. Be2 Nf6 6. Nc3 O-O 7. Nf3 Na6 8. O-O Nc7 9. Bf4 Nh5 10. Bg5 {E91: King's Indian: Classical: 6 Be2, unusual replies including 6...c5 and 6...Bg4.} h6 11. Be3 a6 {[#]} 12. Qd2 $146 {White is better.} ({Predecessor:} 12. a4 Rb8 13. Qd2 Kh7 14. a5 b5 15. axb6 Rxb6 16. Ne1 Nf6 17. Nd3 Ng4 18. Bxg4 Bxg4 {0-1 (35) Peris Laorden,G (1784)-Solano Lasierra,J (2167) Aragon 2015}) 12... Kh7 13. h3 Rb8 14. a4 Bd7 15. e5 dxe5 16. Bxc5 Nf4 17. Rfe1 Qc8 {Now Black is done in.} (17... b6 $16) 18. Bf1 $18 ({But not} 18. Bxe7 Re8) 18... Ncxd5 19. cxd5 Qxc5 20. Nxe5 Bxe5 (20... Nxh3+ {might work better.} 21. gxh3 Bf5) 21. Rxe5 g5 22. Ne4 Qc8 (22... Qa7 $142 23. Rxe7 Bf5) 23. Rxe7 {White is clearly winning.} Bxh3 24. gxh3 Nxh3+ 25. Bxh3 Qxh3 26. Ra3 Qf5 27. Qd4 Rbd8 28. Re5 Qg6 {[#]} 29. Rxg5 $1 {[%mdl 512] Accuracy: White = 87%, Black = 36%.} 1-0

[Event "WSTCC-65 2020"]
[Site "Prague"]
[Date "2020.03.09"]
[Round "4.42"]
[White "Piza Volio, Eduardo"]
[Black "Heim, Sverre"]
[Result "0-1"]
[WhiteElo "2255"]
[BlackElo "2316"]
[Annotator "TA"]
[PlyCount "82"]
[EventDate "2020.03.06"]
[EventType "team-tourn"]
[EventCountry "CZE"]
[SourceTitle "playchess.com"]
[Source "ChessBase"]
[SourceQuality "1"]

{[%evp 9,82,8,10,9,17,9,20,0,29,14,13,19,16,14,28,16,23,18,18,18,20,9,13,15,16,1,0,0,0,11,0,0,0,0,0,-8,0,-17,-18,-232,-247,-216,-213,-210,-194,-195,-198,-181,-138,-132,-121,-160,-148,-155,-155,-151,-152,-158,-105,-152,-151,-164,-154,-179,-110,-1425,-1381,-1795,-1914,-29984,-29985,-29986,-29987,-29986,-29987]} 1. e4 e6 2. d4 d5 3. Nd2 Be7 4. Ngf3 Nf6 5. exd5 exd5 6. Bd3 {C03: French Tarrasch: Unusual Black 3rd moves.} Bg4 7. h3 Bh5 8. O-O {[#] The position is equal.} Bg6 $146 ({Predecessor:} 8... O-O 9. c3 Bd6 10. Qb3 b6 11. c4 dxc4 12. Qxc4 c5 13. dxc5 Bxc5 14. b3 Nc6 {0-1 (60) Bratkovic,S (2190)-Djordjevic,V (2403) Paracin 2018}) 9. Ne5 Bxd3 10. Nxd3 O-O 11. Re1 Bd6 12. Nf1 Nbd7 13. Qf3 c6 14. Bf4 Qc7 15. a4 Rfe8 16. Bxd6 Qxd6 17. Ng3 g6 18. a5 Rxe1+ 19. Rxe1 Re8 20. Rxe8+ Nxe8 21. Qe3 Ng7 22. Qh6 Ne6 23. c3 c5 24. f4 $2 (24. dxc5 $11 {and White stays safe.} Ndxc5 25. Qe3) 24... cxd4 $19 25. cxd4 Nxd4 26. Qg5 {Black should prevent Qd8+.} f6 27. Qg4 {intending f5.} f5 28. Qd1 a6 29. Qa4 Nb5 30. Ne2 {[#]} Nc5 $1 {[%cal Rc5a4]} 31. Qc2 Nxd3 32. Qxd3 Qc5+ 33. Kh2 Qc4 (33... Kf7 $142 34. Ng1 Nd4) 34. Qe3 Qe4 35. Qd2 d4 36. Nc1 Nd6 (36... Nc7 $19 37. Nd3 Nd5) 37. Nd3 $2 {[%mdl 8192]} (37. Nb3 $17) 37... Nc4 38. Qc2 Ne3 39. Qc8+ {[#]} Kg7 $1 {[%csl Ge3][%cal Re4g2] Black mates.} 40. Qc7+ {[#]} Kh6 $1 {[%csl Ge3][%cal Re4g2]} 41. Ne1 Nf1+ {Accuracy: White = 69%, Black = 84%.} 0-1

[Event "WSTCC-65 2020"]
[Site "Prague"]
[Date "2020.03.09"]
[Round "4.43"]
[White "Moen, Ole Christian"]
[Black "Rovira Mas, Jorge"]
[Result "1/2-1/2"]
[WhiteElo "2192"]
[BlackElo "2196"]
[Annotator "ChessBase"]
[PlyCount "71"]
[EventDate "2020.03.06"]
[EventType "team-tourn"]
[EventCountry "CZE"]
[SourceTitle "playchess.com"]
[Source "ChessBase"]
[SourceQuality "1"]
[TimeControl "40/5400+30:1800+30"]

1. e4 {[%emt 0:00:00]} g6 {[%emt 0:00:00]} 2. d4 {[%emt 0:00:00]} Bg7 {[%emt 0:00:00]} 3. f4 {[%emt 0:00:18]} d6 {[%emt 0:00:01]} 4. Nf3 {[%emt 0:00:24]} a6 {[%emt 0:00:27]} 5. c3 {[%emt 0:01:11]} Nd7 {[%emt 0:00:40]} 6. Bc4 {[%emt 0:02:12]} e6 {[%emt 0:00:11]} 7. O-O {[%emt 0:02:12]} b5 {[%emt 0:02:59]} 8. Bb3 {[%emt 0:00:19]} Nb6 {[%emt 0:01:26]} 9. f5 {[%emt 0:04:12]} gxf5 {[%emt 0:37:47]} 10. exf5 {[%emt 0:01:19]} d5 {[%emt 0:00:33]} 11. Bg5 {[%emt 0:02:39]} Bf6 {[%emt 0:00:57]} 12. fxe6 {[%emt 0:06:08]} Bxe6 {[%emt 0:00:21]} 13. Qd2 {[%emt 0:01:07]} Qe7 {[%emt 0:04:09]} 14. Bxf6 {[%emt 0:01:03]} Nxf6 {[%emt 0:00:32]} 15. Ne5 {[%emt 0:00:38]} Ne4 {[%emt 0:08:50]} 16. Qf4 {[%emt 0:03:37]} f6 {[%emt 0:03:54]} 17. Nd3 {[%emt 0:02:35]} O-O-O {[%emt 0:00:27]} 18. Nd2 {[%emt 0:00:34]} f5 {[%emt 0:07:10]} 19. a4 {[%emt 0:13:55]} bxa4 {[%emt 0:02:26]} 20. Bxa4 {[%emt 0:00:13]} Qd6 {[%emt 0:08:10]} 21. Nxe4 {[%emt 0:06:02]} fxe4 {[%emt 0:05:59]} 22. Nc5 {[%emt 0:00:17]} Qxf4 {[%emt 0:04:49]} 23. Rxf4 {[%emt 0:00:07]} Bd7 {[%emt 0:00:25]} 24. Bxd7+ {[%emt 0:05:39]} Nxd7 {[%emt 0:00:02]} 25. Rxa6 {[%emt 0:00:08]} Nxc5 {[%emt 0:00:11]} 26. dxc5 {[%emt 0:00:08]} Kb7 {[%emt 0:00:02]} 27. Re6 {[%emt 0:00:42]} Rhf8 {[%emt 0:01:09]} 28. Rf2 {[%emt 0:01:23]} Ra8 {[%emt 0:00:55]} 29. g4 {[%emt 0:02:07]} Rxf2 {[%emt 0:00:22]} 30. Kxf2 {[%emt 0:00:04]} Ra2 {[%emt 0:00:06]} 31. c4 {[%emt 0:06:58]} Rxb2+ {[%emt 0:01:49]} 32. Ke3 {[%emt 0:05:46]} Rb3+ {[%emt 0:03:32]} 33. Kd2 {[%emt 0:01:09]} dxc4 {[%emt 0:00:45]} 34. h4 {[%emt 0:02:06]} Rd3+ {[%emt 0:02:32]} 35. Kc2 {[%emt 0:00:21]} e3 {[%emt 0:01:14]} 36. g5 {[%emt 0:02:29]} 1/2-1/2

[Event "WSTCC-65 2020"]
[Site "Prague"]
[Date "2020.03.09"]
[Round "4.44"]
[White "Saenz Forero, Fernando"]
[Black "Semakoff, Aleks"]
[Result "1/2-1/2"]
[WhiteElo "1524"]
[BlackElo "2012"]
[Annotator "ChessBase"]
[PlyCount "90"]
[EventDate "2020.03.06"]
[EventType "team-tourn"]
[EventCountry "CZE"]
[SourceTitle "playchess.com"]
[Source "ChessBase"]
[SourceQuality "1"]
[TimeControl "40/5400+30:1800+30"]

1. Nf3 {[%emt 0:00:00]} d5 {[%emt 0:00:00]} 2. c3 {[%emt 0:00:24]} Nf6 {[%emt 0:02:09]} 3. d3 {[%emt 0:01:26]} Nc6 {[%emt 0:01:24]} 4. Qc2 {[%emt 0:00:33]} e5 {[%emt 0:01:30]} 5. e4 {[%emt 0:00:27]} Be7 {[%emt 0:01:59]} 6. Be2 {[%emt 0:03:45]} O-O {[%emt 0:01:15]} 7. Nbd2 {[%emt 0:01:04]} a5 {[%emt 0:02:36]} 8. O-O {[%emt 0:01:23]} h6 {[%emt 0:03:15]} 9. Re1 {[%emt 0:00:51]} Re8 {[%emt 0:05:18]} 10. Nf1 {[%emt 0:00:19]} Be6 {[%emt 0:04:08]} 11. Ng3 {[%emt 0:00:40]} Qd7 {[%emt 0:06:23]} 12. Bf1 {[%emt 0:06:41]} Rad8 {[%emt 0:05:11]} 13. Bd2 {[%emt 0:08:22]} Bg4 {[%emt 0:02:49]} 14. Rad1 {[%emt 0:02:51]} Bc5 {[%emt 0:13:12]} 15. Bc1 {[%emt 0:03:09]} Qc8 {[%emt 0:03:52]} 16. Be2 {[%emt 0:04:49]} d4 {[%emt 0:03:58]} 17. c4 {[%emt 0:03:10]} Nb4 {[%emt 0:02:21]} 18. Qb1 {[%emt 0:00:13]} a4 {[%emt 0:03:17]} 19. Bd2 {[%emt 0:03:18]} Na6 {[%emt 0:03:59]} 20. Nh4 {[%emt 0:01:46]} Bb4 {[%emt 0:02:03]} 21. Nhf5 {[%emt 0:03:04]} Bxd2 {[%emt 0:01:11]} 22. Rxd2 {[%emt 0:00:15]} Bxf5 {[%emt 0:01:55]} 23. Nxf5 {[%emt 0:00:26]} Nc5 {[%emt 0:00:51]} 24. Rf1 {[%emt 0:01:28]} Ne6 {[%emt 0:05:09]} 25. g3 {[%emt 0:03:29]} Kh7 {[%emt 0:03:10]} 26. Qd1 {[%emt 0:04:13]} g6 {[%emt 0:01:35]} 27. Nh4 {[%emt 0:02:20]} a3 {[%emt 0:05:27]} 28. b3 {[%emt 0:01:10]} Qd7 {[%emt 0:02:42]} 29. Ng2 {[%emt 0:00:26]} Qe7 {[%emt 0:01:01]} 30. f4 {[%emt 0:00:50]} exf4 {[%emt 0:00:39]} 31. Nxf4 {[%emt 0:01:08]} Nxf4 {[%emt 0:00:18]} 32. Rxf4 {[%emt 0:01:24]} Nd7 {[%emt 0:00:58]} 33. Qf1 {[%emt 0:03:12]} Ne5 {[%emt 0:00:24]} 34. Bd1 {[%emt 0:01:17]} Rf8 {[%emt 0:01:17]} 35. Rdf2 {[%emt 0:00:26]} Kg7 {[%emt 0:02:15]} 36. Be2 {[%emt 0:00:16]} Qg5 {[%emt 0:02:01]} 37. Kg2 {[%emt 0:01:36]} h5 {[%emt 0:00:41]} 38. h3 {[%emt 0:01:23]} Qe7 {[%emt 0:00:55]} 39. Rf6 {[%emt 0:05:54]} Rd6 {[%emt 0:01:26]} 40. R6f4 {[%emt 0:00:00]} Rdd8 {[%emt 0:00:00]} 41. Qc1 {[%emt 0:04:53]} Qb4 {[%emt 0:05:47]} 42. Rf6 {[%emt 0:05:53]} Nd7 {[%emt 0:09:10]} 43. R6f4 {[%emt 0:05:37]} Qe7 {[%emt 0:02:27]} 44. Qd2 {[%emt 0:00:42]} b6 {[%emt 0:00:56]} 45. R4f3 {[%emt 0:04:07]} Ne5 {[%emt 0:04:43]} 1/2-1/2

[Event "WSTCC-65 2020"]
[Site "Prague"]
[Date "2020.03.09"]
[Round "4.45"]
[White "Boehnisch, Manfred"]
[Black "Lagerborg, Krister"]
[Result "1/2-1/2"]
[WhiteElo "2246"]
[BlackElo "2144"]
[Annotator "ChessBase"]
[PlyCount "81"]
[EventDate "2020.03.06"]
[EventType "team-tourn"]
[EventCountry "CZE"]
[SourceTitle "playchess.com"]
[Source "ChessBase"]
[SourceQuality "1"]
[TimeControl "40/5400+30:1800+30"]

1. e4 {[%emt 0:00:00]} c5 {[%emt 0:00:00]} 2. Nf3 {[%emt 0:00:00]} d6 {[%emt 0:00:00]} 3. c3 {[%emt 0:00:11]} Nf6 {[%emt 0:00:19]} 4. Be2 {[%emt 0:00:16]} g6 {[%emt 0:03:03]} 5. O-O {[%emt 0:01:27]} Bg7 {[%emt 0:00:19]} 6. Re1 {[%emt 0:02:04]} O-O {[%emt 0:00:50]} 7. d3 {[%emt 0:01:31]} Nc6 {[%emt 0:01:13]} 8. Nbd2 {[%emt 0:01:00]} e5 9. Nc4 {[%emt 0:05:52]} b5 {[%emt 0:05:38]} 10. Ne3 {[%emt 0:00:30]} a6 {[%emt 0:02:23]} 11. a4 {[%emt 0:03:40]} Rb8 {[%emt 0:00:45]} 12. axb5 {[%emt 0:00:30]} axb5 {[%emt 0:00:02]} 13. Bf1 {[%emt 0:03:40]} h6 {[%emt 0:00:44]} 14. Bd2 {[%emt 0:19:59]} Be6 {[%emt 0:02:28]} 15. Qc1 {[%emt 0:04:23]} Kh7 {[%emt 0:00:30]} 16. b4 {[%emt 0:02:20]} Qb6 {[%emt 0:04:28]} 17. Qa3 {[%emt 0:03:49]} cxb4 {[%emt 0:04:24]} 18. cxb4 {[%emt 0:02:03]} Rfc8 {[%emt 0:03:07]} 19. Rec1 {[%emt 0:04:27]} d5 {[%emt 0:04:46]} 20. exd5 {[%emt 0:00:34]} Nxd5 {[%emt 0:00:21]} 21. Nxd5 {[%emt 0:05:06]} Bxd5 {[%emt 0:00:13]} 22. Be3 {[%emt 0:00:58]} Qb7 {[%emt 0:01:27]} 23. Nd2 {[%emt 0:00:23]} e4 {[%emt 0:10:38]} 24. dxe4 {[%emt 0:00:19]} Ra8 {[%emt 0:00:45]} 25. exd5 {[%emt 0:01:31]} Rxa3 {[%emt 0:02:31]} 26. Rxa3 {[%emt 0:00:28]} Nxb4 {[%emt 0:01:56]} 27. Rb1 {[%emt 0:07:34]} Bf8 {[%emt 0:07:51]} 28. Ra5 {[%emt 0:05:00]} Qd7 {[%emt 0:05:04]} 29. Rxb5 {[%emt 0:01:25]} Nxd5 {[%emt 0:00:30]} 30. Ne4 {[%emt 0:02:38]} Bg7 {[%emt 0:01:35]} 31. Rd1 {[%emt 0:00:29]} Qe7 {[%emt 0:02:53]} 32. Ng5+ hxg5 {[%emt 0:00:10]} 33. Rbxd5 {[%emt 0:06:37]} g4 {[%emt 0:00:52]} 34. g3 {[%emt 0:02:32]} Rc7 {[%emt 0:04:54]} 35. Bd3 {[%emt 0:05:46]} f5 {[%emt 0:03:14]} 36. Bb5 {[%emt 0:01:27]} Qe4 {[%emt 0:03:15]} 37. Rd6 {[%emt 0:03:34]} Be5 {[%emt 0:10:15]} 38. Rd7+ {[%emt 0:03:12]} Rxd7 {[%emt 0:01:19]} 39. Rxd7+ {[%emt 0:00:02]} Kg8 {[%emt 0:00:53]} 40. Bf1 {[%emt 0:00:00]} Qc6 {[%emt 0:00:00]} 41. Ra7 {[%emt 0:02:39]} 1/2-1/2

[Event "WSTCC-65 2020"]
[Site "Prague"]
[Date "2020.03.09"]
[Round "4.46"]
[White "Svensson, Soren"]
[Black "Beltz, Robert"]
[Result "0-1"]
[WhiteElo "1868"]
[BlackElo "2158"]
[Annotator "ChessBase"]
[PlyCount "64"]
[EventDate "2020.03.06"]
[EventType "team-tourn"]
[EventCountry "CZE"]
[SourceTitle "playchess.com"]
[Source "ChessBase"]
[SourceQuality "1"]
[TimeControl "40/5400+30:1800+30"]

1. d4 {[%emt 0:00:00]} d6 {[%emt 0:00:00]} 2. c4 {[%emt 0:01:21]} f5 {[%emt 0:00:09]} 3. Nf3 {[%emt 0:00:35]} Nf6 {[%emt 0:00:51]} 4. Nc3 {[%emt 0:01:07]} g6 {[%emt 0:00:46]} 5. g3 {[%emt 0:03:55]} Bg7 {[%emt 0:00:09]} 6. Bg2 {[%emt 0:00:06]} O-O {[%emt 0:00:08]} 7. O-O {[%emt 0:00:21]} Qe8 {[%emt 0:01:12]} 8. d5 {[%emt 0:14:19]} a5 {[%emt 0:04:53]} 9. Nd4 {[%emt 0:01:00]} Na6 {[%emt 0:02:18]} 10. a3 {[%emt 0:06:28]} Bd7 {[%emt 0:08:00]} 11. Rb1 {[%emt 0:03:19]} a4 {[%emt 0:01:48]} 12. b4 {[%emt 0:06:42]} axb3 {[%emt 0:00:42]} 13. Nxb3 {[%emt 0:00:31]} Ng4 {[%emt 0:04:49]} 14. Bb2 {[%emt 0:15:55]} Ne5 {[%emt 0:03:01]} 15. Nd2 {[%emt 0:00:31]} Nc5 {[%emt 0:01:46]} 16. Nb5 {[%emt 0:07:42]} Qc8 {[%emt 0:02:56]} 17. f4 {[%emt 0:06:50]} Ng4 {[%emt 0:03:18]} 18. Rf3 {[%emt 0:00:39]} e5 {[%emt 0:06:19]} 19. dxe6 {[%emt 0:04:42]} Bc6 {[%emt 0:07:30]} 20. Qc1 {[%emt 0:06:48]} Bxb2 {[%emt 0:09:51]} 21. Qxb2 {[%emt 0:02:04]} Nxe6 {[%emt 0:00:09]} 22. Rc3 {[%emt 0:02:51]} Bxg2 {[%emt 0:00:57]} 23. Kxg2 {[%emt 0:00:08]} Qd7 {[%emt 0:00:16]} 24. Nf3 {[%emt 0:06:18]} Nc5 {[%emt 0:01:37]} 25. Rcc1 {[%emt 0:01:49]} Rfe8 {[%emt 0:02:12]} 26. h3 {[%emt 0:01:02]} Ne3+ {[%emt 0:01:24]} 27. Kh2 {[%emt 0:00:31]} Ra4 {[%emt 0:02:28]} 28. Qd4 {[%emt 0:02:08]} Re4 {[%emt 0:01:31]} 29. Qf6 {[%emt 0:01:12]} Nxc4 {[%emt 0:01:40]} 30. Nc3 {[%emt 0:00:48]} Re6 {[%emt 0:03:37]} 31. Qd4 {[%emt 0:00:31]} Qc6 {[%emt 0:04:24]} 32. Ng5 {[%emt 0:02:04]} Ne3 {[%emt 0:01:03]} 0-1

[Event "WSTCC-65 2020"]
[Site "Prague"]
[Date "2020.03.09"]
[Round "4.47"]
[White "Baumbach, Friedrich"]
[Black "Olsson, Torgny"]
[Result "1-0"]
[WhiteElo "2130"]
[BlackElo "1800"]
[Annotator "ChessBase"]
[PlyCount "83"]
[EventDate "2020.03.06"]
[EventType "team-tourn"]
[EventCountry "CZE"]
[SourceTitle "playchess.com"]
[Source "ChessBase"]
[SourceQuality "1"]
[TimeControl "40/5400+30:1800+30"]

1. d4 {[%emt 0:00:00]} Nf6 {[%emt 0:00:00]} 2. c4 {[%emt 0:00:00]} c5 {[%emt 0:00:25]} 3. Nf3 {[%emt 0:00:22]} cxd4 {[%emt 0:00:35]} 4. Nxd4 {[%emt 0:00:11]} Nc6 {[%emt 0:00:37]} 5. Nc3 {[%emt 0:01:35]} Qb6 {[%emt 0:03:27]} 6. Nb3 {[%emt 0:01:48]} e6 {[%emt 0:01:00]} 7. e3 {[%emt 0:00:47]} Be7 {[%emt 0:01:53]} 8. Be2 {[%emt 0:00:27]} O-O {[%emt 0:01:25]} 9. O-O {[%emt 0:00:16]} a6 {[%emt 0:03:44]} 10. e4 {[%emt 0:01:35]} Qc7 {[%emt 0:06:04]} 11. Bg5 {[%emt 0:03:59]} d6 {[%emt 0:04:48]} 12. Rc1 {[%emt 0:02:01]} Re8 {[%emt 0:16:33]} 13. Qd2 {[%emt 0:02:31]} Ne5 {[%emt 0:14:07]} 14. f3 {[%emt 0:12:48]} b6 {[%emt 0:04:35]} 15. Rfd1 {[%emt 0:01:37]} Rd8 {[%emt 0:01:39]} 16. Be3 {[%emt 0:03:25]} Ned7 {[%emt 0:03:43]} 17. Bf1 {[%emt 0:01:27]} Bb7 {[%emt 0:00:50]} 18. Qf2 {[%emt 0:00:56]} Nc5 {[%emt 0:02:03]} 19. Nd4 {[%emt 0:00:46]} Ncd7 {[%emt 0:07:17]} 20. b4 {[%emt 0:02:52]} g6 {[%emt 0:01:48]} 21. Na4 {[%emt 0:01:50]} Qb8 {[%emt 0:04:22]} 22. Nb3 {[%emt 0:01:51]} b5 {[%emt 0:00:48]} 23. Nb6 {[%emt 0:08:22]} Nxb6 {[%emt 0:03:10]} 24. Bxb6 {[%emt 0:00:23]} Rf8 {[%emt 0:02:31]} 25. cxb5 {[%emt 0:01:16]} d5 {[%emt 0:02:08]} 26. Bc7 {[%emt 0:01:58]} Qc8 {[%emt 0:02:54]} 27. Be5 {[%emt 0:02:21]} Qd8 {[%emt 0:00:55]} 28. Na5 {[%emt 0:02:24]} Bc8 {[%emt 0:01:24]} 29. b6 {[%emt 0:02:08]} Bd7 {[%emt 0:02:28]} 30. b7 {[%emt 0:06:23]} Rb8 {[%emt 0:00:55]} 31. Bc7 {[%emt 0:05:47]} Qe8 {[%emt 0:00:30]} 32. e5 {[%emt 0:00:20]} Nh5 {[%emt 0:02:06]} 33. Qb6 {[%emt 0:00:59]} Bd8 {[%emt 0:01:53]} 34. Bxa6 {[%emt 0:01:11]} Bxc7 {[%emt 0:00:27]} 35. Rxc7 {[%emt 0:00:55]} Nf4 {[%emt 0:01:16]} 36. g3 {[%emt 0:02:39]} Nh3+ {[%emt 0:00:31]} 37. Kg2 {[%emt 0:00:14]} Ng5 {[%emt 0:00:18]} 38. h4 {[%emt 0:00:32]} f6 {[%emt 0:00:57]} 39. hxg5 {[%emt 0:02:18]} fxg5 {[%emt 0:00:38]} 40. Qe3 {[%emt 0:00:00]} Qf7 {[%emt 0:00:00]} 41. Bb5 {[%emt 0:01:40]} Rbd8 {[%emt 0:01:40]} 42. Nc6 1-0

[Event "WSTCC-65 2020"]
[Site "Prague"]
[Date "2020.03.09"]
[Round "4.48"]
[White "Andersson, Erik"]
[Black "Walther, Hans-Wolfgang"]
[Result "0-1"]
[WhiteElo "1607"]
[BlackElo "2111"]
[Annotator "ChessBase"]
[PlyCount "58"]
[EventDate "2020.03.06"]
[EventType "team-tourn"]
[EventCountry "CZE"]
[SourceTitle "playchess.com"]
[Source "ChessBase"]
[SourceQuality "1"]
[TimeControl "40/5400+30:1800+30"]

1. Nf3 {[%emt 0:00:00]} f5 {[%emt 0:00:00]} 2. b3 {[%emt 0:00:00]} e6 {[%emt 0:01:11]} 3. Bb2 {[%emt 0:00:22]} Nf6 {[%emt 0:00:09]} 4. e3 {[%emt 0:00:34]} b6 {[%emt 0:01:35]} 5. d4 {[%emt 0:01:08]} Bb7 {[%emt 0:00:27]} 6. Be2 {[%emt 0:02:46]} Bb4+ {[%emt 0:04:55]} 7. c3 {[%emt 0:01:52]} Be7 {[%emt 0:00:07]} 8. Nbd2 {[%emt 0:00:33]} O-O {[%emt 0:03:10]} 9. O-O {[%emt 0:02:06]} Qe8 {[%emt 0:02:58]} 10. Ne5 {[%emt 0:04:09]} d6 {[%emt 0:02:04]} 11. Bf3 {[%emt 0:04:56]} c6 {[%emt 0:02:53]} 12. Nd3 {[%emt 0:00:14]} d5 {[%emt 0:10:01]} 13. c4 {[%emt 0:06:10]} Nbd7 {[%emt 0:00:58]} 14. b4 {[%emt 0:04:13]} Bd6 {[%emt 0:05:41]} 15. Rc1 {[%emt 0:12:11]} Ne4 {[%emt 0:02:48]} 16. Nb3 {[%emt 0:08:17]} Rc8 {[%emt 0:15:18]} 17. a3 {[%emt 0:07:02]} Bb8 {[%emt 0:07:52]} 18. Nd2 {[%emt 0:03:29]} Ba6 {[%emt 0:05:26]} 19. Bxe4 {[%emt 0:09:54]} fxe4 {[%emt 0:00:29]} 20. Ne1 {[%emt 0:00:33]} Qg6 {[%emt 0:12:31]} 21. Qe2 {[%emt 0:06:27]} Qh6 {[%emt 0:03:38]} 22. g3 {[%emt 0:01:12]} Rf5 {[%emt 0:06:32]} 23. b5 {[%emt 0:01:48]} Bb7 {[%emt 0:00:03]} 24. h4 {[%emt 0:03:14]} cxb5 {[%emt 0:02:01]} 25. cxb5 {[%emt 0:01:48]} Rcf8 {[%emt 0:03:04]} 26. Ng2 {[%emt 0:01:58]} g5 {[%emt 0:00:36]} 27. h5 {[%emt 0:07:31]} Rf3 {[%emt 0:01:03]} 28. Ne1 Qxh5 {[%emt 0:01:28]} 29. Kg2 {[%emt 0:02:46]} Rxg3+ {[%emt 0:00:16]} 0-1